| 000 | 00940nam a22002531u 4500 | ||
|---|---|---|---|
| 001 | 12202 | ||
| 003 | HDC | ||
| 007 | cr bn --- | ||
| 008 | 210209p2002 my eng | ||
| 040 | _aHDC | ||
| 100 |
_aSiah, Watt Moey, _eauthor _912665 |
||
| 245 | 0 |
_aModified atmosphere storage of barramundi (Lates calcarifer) fillets / _cby Siah Watt Moey and Mohd. Ariff Wahid |
|
| 260 |
_aSerdang : _bMalaysian Agricultural Research and Development Institute (MARDI), _c2002 |
||
| 300 | _a1 page | ||
| 336 |
_atext _2rdacontent |
||
| 337 |
_acomputer _2rdamedia |
||
| 338 |
_aonline resource _2rdacarrier |
||
| 650 |
_aHigh barrier film bags _912667 |
||
| 650 |
_aModified atmosphere packaging _912666 |
||
| 856 | _zRequest full-text at [email protected] | ||
| 942 | _2lcc | ||
| 942 | _cAR | ||
| 942 | _kJART 003041 | ||
| 999 |
_c9525 _d9525 |
||